Statistics for Top 10 best airlines in the middle east

Click here to take the quiz!

General Stats

  • This quiz has been taken 156 times
  • The average score is 7 of 10

Answer Stats

HintAnswer% Correct
1Emirates
92%
2Qatar Airways
88%
3Etihad Airways
80%
8Saudi Arabian Airlines
68%
9Gulf Air
66%
7El Al
64%
6Oman Air
64%
4Middle East Airlines
53%
5Royal Jordanian Airlines
52%
10Air Arabia
42%

Score Distribution

Percentile by Number Answered

Percent of People with Each Score

Your Score History

You have not taken this quiz